000 00765nam a2200181Ia 4500
003 GCL
008 140319s9999 xx 000 0 ara d
040 _aGCL /
_cGCL
082 0 4 _aق
_b301.340962
_bا ح
100 1 _aاحمد عزت عبدالكريم
245 1 0 _aحركة التجول فى بناء المجتمع القاهرى فى النصف الاول من القرن التاسع عشر(من ابحاث الندوة الدوليه لتاريخ القاهرة 1969) /
_cاحمد عزت عبدالكريم
300 _a15 ص
490 _a100 قصة
_v0
650 0 4 _aالطبقات الاجتماعية
650 0 4 _aالمجتمع المصرى - تاريخ
650 0 4 _aمصر - تاريخ - العصر الحديث (1805 - 1956 )
942 _2ddc
_cBK
999 _c46418
_d46418